Applicability of environmental management in organizations

Environmentálne manažérske systémy a trvalo udržateľný rozvoj organizácií. Vytváranie imidžu organizácie, zlepšenie pracovných podmienok, vzrast konkurenčnej výhody, zlepšenie povedomia o organizácii.

Salvato in:
Dettagli Bibliografici
Autore principale: Karkalíková, Marta
Altri autori: Lacková, Alica
Natura: Capitolo di libro
Lingua:inglese
Soggetti:
Tags: Aggiungi Tag
Nessun Tag, puoi essere il primo ad aggiungerne!!

MARC

LEADER 00000nla a2200000 4500
001 0222352
005 20240502083551.7
041 0 |a eng 
044 |a BG 
245 1 0 |a Applicability of environmental management in organizations  |c Marta Karkalíková, Alica Lacková 
520 |a Environmentálne manažérske systémy a trvalo udržateľný rozvoj organizácií. Vytváranie imidžu organizácie, zlepšenie pracovných podmienok, vzrast konkurenčnej výhody, zlepšenie povedomia o organizácii. 
610 2 0 |a podnik 
610 2 0 |a manažment environmentálny 
610 2 0 |a systémy environmentálne manažérske 
610 2 0 |a rozvoj trvalo udržateľný 
610 2 0 |a ochrana prostredia životného 
610 2 0 |a úpravy právne 
100 1 |a Karkalíková, Marta 
700 1 |a Lacková, Alica